000 00631 a2200229 4500
003 Nust
005 20170207171534.0
010 _a 2010481199
020 _a9780071626774
040 _cNust
082 0 0 _a005.8
100 1 _aPhilipp, Aaron
245 1 0 _aHacking exposed computer forensics (EBOOK)
_cAaron Philipp, David Cowen, Chris Davis
250 _a2nd ed.
260 _aNew York :
_bMcGraw-Hill/Osborne,
_c2010.
300 _axxiv, 518 p. :
_bill. ;
_c24 cm.
500 _aIncludes index.
650 0 _aComputer crimes
_xInvestigation.
650 0 _aComputer security.
700 1 _aCowen, David.
700 1 _aDavis, Chris
942 _2ddc
_cBK
999 _c217138
_d217138